EFFECTIVE LEADERSHIP (Record no. 13100)

MARC details
000 -LEADER
fixed length control field 00361nam a2200133Ia 4500
008 - FIXED-LENGTH DATA ELEMENTS--GENERAL INFORMATION
fixed length control field 240624s9999 xx 000 0 und d
041 ## - LANGUAGE CODE
Language code of text/sound track or separate title eng
082 ## - DEWEY DECIMAL CLASSIFICATION NUMBER
Classification number 658.4092 LUS
100 ## - MAIN ENTRY--PERSONAL NAME
Personal name LUSSIER ROBERT N
245 ## - TITLE STATEMENT
Title EFFECTIVE LEADERSHIP
250 ## - EDITION STATEMENT
Edition statement (3rd ed.)
260 ## - PUBLICATION, DISTRIBUTION, ETC.
Date of publication, distribution, etc. 2008
Place of publication, distribution, etc. Australia
Name of publisher, distributor, etc. South-Western Cengage Learning
300 ## - PHYSICAL DESCRIPTION
Extent xxiv, : 472 : p. : cm. ; 25
Holdings
Withdrawn status Lost status Damaged status Not for loan Home library Current library Shelving location Date acquired Full call number Barcode Date last seen Price effective from Koha item type
Store Books       IMTN IMTN Rack 29-B 05/08/2009 658.4092 LUS 13100 06/24/2024 06/24/2024 Books
Designed & Maintained by: LRC IMT Nagpur Contact: lrc@imtnag.ac.in© 2024. All Rights Reserved.